Revista de Derecho vLex (Registro nro. 159947)

Detalles MARC
000 -LEADER
fixed length control field 01223ny a22003013n 4500
008 - FIXED-LENGTH DATA ELEMENTS--GENERAL INFORMATION
fixed length control field 080704s20039999sp r s 000 a0spa c
035 ## -
-- 11
040 ## - CATALOGING SOURCE
Original cataloging agency UMA.RE
Modifying agency vlex
080 ## -
-- 34(460)(0.034)
090 ## -
-- 1479
-- 1479
245 00 - TITLE STATEMENT
Title Revista de Derecho vLex
Medium [Recurso electrónico]
256 ## -
-- Servicio en línea
260 ## - PUBLICATION, DISTRIBUTION, ETC. (IMPRINT)
Place of publication, distribution, etc Barcelona :
Name of publisher, distributor, etc vLex
310 ## -
-- Mensual
506 1# - RESTRICTIONS ON ACCESS NOTE
Terms governing access Contenido solo disponible en los productos indicados
Authorized users vLex Global
-- vLex Global (Academic Edition, excluding Law Schools)
-- vLex Global (U.S. Academic Edition, Law Schools)
-- vLex Global (U.S. Academic Edition, excluding Law Schools)
-- vLex Global (Academic Edition, Law Schools)
650 07 - SUBJECT ADDED ENTRY--TOPICAL TERM
Topical term or geographic name as entry element Societario
Source of heading or term Tesauro vLex
650 07 - SUBJECT ADDED ENTRY--TOPICAL TERM
Source of heading or term Tesauro vLex
Topical term or geographic name as entry element Arrendamientos urbanos
650 07 - SUBJECT ADDED ENTRY--TOPICAL TERM
Source of heading or term Tesauro vLex
Topical term or geographic name as entry element Arrendamiento de vivienda
650 07 - SUBJECT ADDED ENTRY--TOPICAL TERM
Source of heading or term Tesauro vLex
Topical term or geographic name as entry element Propiedad horizontal
650 07 - SUBJECT ADDED ENTRY--TOPICAL TERM
Source of heading or term Tesauro vLex
Topical term or geographic name as entry element Permuta
650 07 - SUBJECT ADDED ENTRY--TOPICAL TERM
Source of heading or term Tesauro vLex
Topical term or geographic name as entry element Acción reivindicatoria
650 07 - SUBJECT ADDED ENTRY--TOPICAL TERM
Source of heading or term Tesauro vLex
Topical term or geographic name as entry element Retracto convencional
740 0# -
-- vLex Revista (Servicios en línea)
853 ## -
-- 1
-- (year)
-- (month)
-- (day)
856 40 - LOCALIZACIÓN Y ACCESO ELECTRÓNICO
Identificador Uniforme del Recurso (URI/URL) https://app.vlex.com/#/sources/revista-derecho-vlex-11
942 ## -
-- RAA
999 ## -
-- 159947
-- 159947

No hay ítems disponibles.


CONTACTO


NOSOTROS


SITIOS DE INTERES

coordinacion.biblioteca.biblioteca@unienlinea.mx Misión, Visión y Objetivos Bases de datos
Directorio Bibliotecas Digitales y Repositorios
Normatividad Revistas y artículos
Convenios interbibliotecarios
Boletines



Hecho en México. Universidad Insurgentes (UIN). Todos los derechos reservados 2024. Esta página y sus contenidos pueden ser reproducidos con fines no lucrativos, siempre y cuando no se mutile, se cite la fuente completa y su dirección electrónicas. De otra forma requiere permiso previo por escrito de la institución




2024 Copyright Universidad Insurgentes | www.bibliouin.com.mx